| 000 | 00416nam a2200157Ia 4500 | ||
|---|---|---|---|
| 005 | 20240807062212.0 | ||
| 008 | 240806s9999||||xx |||||||||||||| ||eng|| | ||
| 041 | _aeng | ||
| 082 |
_a294.59214 _bSINS |
||
| 100 | _aSingh Dr. Umesh Prasad | ||
| 245 | 0 |
_aShukl yajurved pratishkhya ek parishilan / _cSingh Dr. Umesh Prasad |
|
| 260 | _bKala Prakashan Varanashi | ||
| 300 | _a231 | ||
| 650 | _aSanskrit | ||
| 942 | _cBK | ||
| 999 |
_c11559 _d11559 |
||